Normal view
MARC view
- Nasar, T.P
Entry Personal Name
001 - CONTROL NUMBER
- control field: 6296
003 - CONTROL NUMBER IDENTIFIER
- control field: OSt
005 - DATE AND TIME OF LATEST TRANSACTION
- control field: 20241005122234.0
008 - FIXED-LENGTH DATA ELEMENTS
- fixed length control field: 241005|| aca||aabn | a|a d
040 ## - CATALOGING SOURCE
- Original cataloging agency: OSt
- Transcribing agency: OSt
100 ## - HEADING--PERSONAL NAME
- Personal name: Nasar, T.P
670 ## - SOURCE DATA FOUND
- Source citation: Work cat.: (OSt)18120: Nasar, T.P., Pakshikal koodanayunnilla /, 2023.
